000 00379nam a2200157Ia 4500
008 230711s9999||||xx |||||||||||||| ||und||
041 _aENG
082 _a540
_bVE-A
100 _aVerma,Vikas
245 0 _aApplied cheimistry : theory and practice
250 _a1st . Ed.
260 _c1999
_aNew Delhi
_bChander,M.
650 _aChemistry
700 _aNarula,G.K
942 _cBK
999 _c3802
_d3802